Pápežskejší než pápež slovenskí biskupi priniesli pred Vianocami namiesto zmierlivosti a tolerancie ostré slová, ktoré rozdeľujú spoločnosť

Bibliographic Details
Main Author: Getting, Peter, 1975- (Author)
Format: Article
Language:Slovak
PhysicalDescription:Fotogr.
ISSN:1210-4040
Subjects:
Online Access:http://www.pluska.sk/plus-7-dni/

MARC

LEADER 00000nab a2200000 a 4500
001 vtls010566390
003 SK-MaSNL
005 20260304210128.0
008 131218c2013 xo wrzp 0 0slo
038 |a RVGKPD 
040 |a RVGKPD  |b slo  |c RVGKPD  |e AACR2 
041 0 |a slo 
044 |a xo  |c SK 
080 |a 262.12  |x (437.6)  |2 1997 
100 1 |a Getting, Peter,  |d 1975-  |4 aut  |9 234075 
245 1 0 |a Pápežskejší než pápež  |b slovenskí biskupi priniesli pred Vianocami namiesto zmierlivosti a tolerancie ostré slová, ktoré rozdeľujú spoločnosť  |c Peter Getting 
300 |b Fotogr. 
610 2 7 |a Katolícka cirkev  |2 rvgkpd  |9 206702 
655 7 |a pastierske listy  |2 rvgkpd  |9 70721 
773 0 |t Plus 7 dní  |g Roč. XXIII, č. 50 (2013), s.40-43  |x 1210-4040 
852 |a RVGKPD  |b KIS3G 
856 4 1 |u http://www.pluska.sk/plus-7-dni/ 
958 |a SK 
992 |a RBX 
999 |c 3124633  |d 3126563